000 00374 a2200157 4500
001 157671
020 _a788596039505
040 _cEscola São Tomás de Aquino
100 _aColasanti, Marina
240 1 0 _aA dispobilidade da alma
_lpor
245 1 0 _aA dispobilidade da alma
362 0 _a2023
440 1 _aFTD
697 _a*LITERATURA INFANTO JUVENIL
942 _cBK
999 _c157671
_d157671